| Tag |
First Indicator |
Second Indicator |
Subfields |
| LEADER |
00000cam a2200000La 4500 |
| 001 |
in00001574469 |
| 005 |
20220103181533.0 |
| 006 |
m u |
| 007 |
cr cn- |
| 008 |
001009s1998 txu sb s001 0 eng d |
| 010 |
|
|
|z 97030035
|
| 020 |
|
|
|a 0585234132 (electronic bk.) :
|c $12.95
|
| 020 |
|
|
|z 0292746989 (cloth : alk. paper)
|
| 020 |
|
|
|z 0292746997 (pbk. : alk. paper)
|
| 035 |
|
|
|a (OCoLC)ocm44959731
|
| 040 |
|
|
|a N$T
|c N$T
|d OCL
|d UtOrBLW
|
| 043 |
|
|
|a cl-----
|
| 049 |
|
|
|a IKMN
|
| 050 |
1 |
4 |
|a PQ7081
|b .L49 1998eb
|
| 082 |
0 |
4 |
|a 860.9/98
|2 21
|
| 100 |
1 |
|
|a Lindstrom, Naomi,
|d 1950-
|0 http://id.loc.gov/authorities/names/n77003499
|
| 245 |
1 |
4 |
|a The social conscience of Latin American writing /
|c Naomi Lindstrom.
|
| 246 |
3 |
|
|a Social conscience
|
| 250 |
|
|
|a 1st University of Texas Press ed.
|
| 264 |
|
1 |
|a Austin, Tex. :
|b University of Texas Press,
|c 1998.
|
| 300 |
|
|
|a 187 pages ;
|c 24 cm.
|
| 336 |
|
|
|a text
|b txt
|2 rdacontent
|
| 337 |
|
|
|a computer
|b c
|2 rdamedia
|
| 338 |
|
|
|a online resource
|b cr
|2 rdacarrier
|
| 490 |
1 |
|
|a Texas Pan American series
|
| 504 |
|
|
|a Includes bibliographical references (pages [179]-181) and index.
|
| 533 |
|
|
|a Electronic reproduction.
|b Boulder, Colo. :
|c NetLibrary,
|d 2000.
|n Available via the World Wide Web.
|n Available in multiple electronic file formats.
|n Access may be limited to NetLibrary affiliated libraries.
|
| 500 |
|
|
|a Electronic resource.
|
| 650 |
|
0 |
|a Latin American literature
|x History and criticism.
|0 http://id.loc.gov/authorities/subjects/sh2008106680
|
| 650 |
|
0 |
|a Latin American literature
|y 20th century
|x History and criticism.
|0 http://id.loc.gov/authorities/subjects/sh2008106675
|
| 650 |
|
0 |
|a Literature and society
|z Latin America.
|0 http://id.loc.gov/authorities/subjects/sh2008106676
|
| 650 |
|
0 |
|a Postmodernism (Literature)
|z Latin America.
|0 http://id.loc.gov/authorities/subjects/sh2010107416
|
| 655 |
|
7 |
|a Electronic books.
|2 local
|
| 710 |
2 |
|
|a NetLibrary, Inc.
|0 http://id.loc.gov/authorities/names/no99080690
|
| 776 |
1 |
|
|c Original
|w (DLC) 97030035
|w (OCoLC)37368565
|
| 830 |
|
0 |
|a Texas Pan American series.
|0 http://id.loc.gov/authorities/names/n42024710
|
| 856 |
4 |
1 |
|u https://proxy.library.tamu.edu/login?url=http://www.netLibrary.com/urlapi.asp?action=summary&v=1&bookid=33670
|z Connect to the full text of this electronic book
|t 0
|
| 994 |
|
|
|a 92
|b IKM
|
| 999 |
|
|
|a MARS
|
| 999 |
f |
f |
|s ae5dafef-6aaa-351d-9496-de80db2a6317
|i 8cba0f1e-1412-3041-b681-7276bbded045
|t 0
|
| 952 |
f |
f |
|a Texas A&M University
|b College Station
|c Electronic Resources
|d Available Online
|t 0
|e PQ7081 .L49 1998eb
|h Library of Congress classification
|
| 998 |
f |
f |
|a PQ7081 .L49 1998eb
|t 0
|l Available Online
|